000 00381nam a2200169Ia 4500
001 13647
005 20260306164816.0
008 260306t9999||||xx |||||||||||||| ||spa||
041 _aESP
082 _a005.1
_bS67 2002
100 _aSommerville, Ian
_eAUT
245 0 _aIngenierĂ­a de software
300 _a
_c
650 _aGEN
654 _aCCC
942 _cLIB
_dJUS
_fJUS
_2ddc
_n
999 _c13647
_d13647